Economics for business and management : (Record no. 8930)
[ view plain ]
| 000 -LEADER | |
|---|---|
| fixed length control field | 01075nam a22003015a 4500 |
| 005 - DATE AND TIME OF LATEST TRANSACTION | |
| control field | 20170927115834.0 |
| 008 - FIXED-LENGTH DATA ELEMENTS--GENERAL INFORMATION | |
| fixed length control field | 130127s2005 enka|||frb||| 001 0 eng d |
| 020 ## - INTERNATIONAL STANDARD BOOK NUMBER | |
| International Standard Book Number | 027368549X |
| 020 ## - INTERNATIONAL STANDARD BOOK NUMBER | |
| International Standard Book Number | 9780273685494 |
| 040 ## - CATALOGING SOURCE | |
| Original cataloging agency | EG-ScBUE |
| Language of cataloging | eng |
| Transcribing agency | EG-ScBUE |
| 082 04 - DEWEY DECIMAL CLASSIFICATION NUMBER | |
| Classification number | 338.5024658 |
| Item number | ECO |
| Edition number | 22 |
| 245 00 - TITLE STATEMENT | |
| Title | Economics for business and management : |
| Remainder of title | a student text / |
| Statement of responsibility, etc | contributors Alan Griffiths, Stuart Wall . |
| 260 ## - PUBLICATION, DISTRIBUTION, ETC. (IMPRINT) | |
| Place of publication, distribution, etc | Endinburgh : |
| Name of publisher, distributor, etc | Financial Time Prentice Hall, |
| Date of publication, distribution, etc | 2005. |
| 300 ## - PHYSICAL DESCRIPTION | |
| Extent | xviii, 756 p. : |
| Other physical details | ill. ; |
| Dimensions | 25 cm. |
| 500 ## - GENERAL NOTE | |
| General note | Index : p. 737-756. |
| 500 ## - GENERAL NOTE | |
| General note | Answer to checkpoint and activity : p. 705- 735. |
| 500 ## - GENERAL NOTE | |
| General note | Appendix : p. 687-700. |
| 504 ## - BIBLIOGRAPHY, ETC. NOTE | |
| Bibliography, etc | Include bibliographical references: p. 701- 703. |
| 650 #7 - SUBJECT ADDED ENTRY--TOPICAL TERM | |
| Topical term or geographic name as entry element | Economics. |
| Source of heading or term | BUEsh |
| 9 (RLIN) | 32006 |
| 650 #7 - SUBJECT ADDED ENTRY--TOPICAL TERM | |
| Topical term or geographic name as entry element | Managerial economics. |
| Source of heading or term | BUEsh |
| 9 (RLIN) | 32007 |
| 650 #7 - SUBJECT ADDED ENTRY--TOPICAL TERM | |
| Topical term or geographic name as entry element | Microeconimcs. |
| Source of heading or term | BUEsh |
| 9 (RLIN) | 16968 |
| 650 #7 - SUBJECT ADDED ENTRY--TOPICAL TERM | |
| Topical term or geographic name as entry element | Business enterprises |
| General subdivision | Finance . |
| Source of heading or term | BUEsh |
| 651 ## - SUBJECT ADDED ENTRY--GEOGRAPHIC NAME | |
| Source of heading or term | BUEsh |
| 653 ## - INDEX TERM--UNCONTROLLED | |
| Resource For college | BAEPS, Economics |
| Arrived date list | August2015 |
| 700 1# - ADDED ENTRY--PERSONAL NAME | |
| Personal name | Griffiths, Alan, |
| Relator term | contributor. |
| 700 1# - ADDED ENTRY--PERSONAL NAME | |
| Personal name | Wall, Stuart, |
| Relator term | contributor. |
| 942 ## - ADDED ENTRY ELEMENTS (KOHA) | |
| Source of classification or shelving scheme | Dewey Decimal Classification |
| Withdrawn status | Item status | Source of classification or shelving scheme | Damaged status | Not for loan | Home library | Current library | Shelving location | Date acquired | Source of acquisition | Total Checkouts | Full call number | Barcode | Date last seen | Cost, replacement price | Koha item type | Date last borrowed |
|---|---|---|---|---|---|---|---|---|---|---|---|---|---|---|---|---|
| Dewey Decimal Classification | Central Library | Central Library | First floor | 05/11/2010 | Purchase | 338.5024658 ECO | 000004788 | 15/07/2025 | 190.00 | Book - Borrowing | ||||||
| Dewey Decimal Classification | Central Library | Central Library | First floor | 05/11/2010 | Purchase | 338.5024658 ECO | 000004787 | 15/07/2025 | 190.00 | Book - Borrowing | ||||||
| Dewey Decimal Classification | Central Library | Central Library | First floor | 05/11/2010 | Purchase | 338.5024658 ECO | 000004786 | 15/07/2025 | 190.00 | Book - Borrowing | ||||||
| Dewey Decimal Classification | Central Library | Central Library | First floor | 05/11/2010 | Purchase | 1 | 338.5024658 ECO | 000004785 | 15/07/2025 | 190.00 | Book - Borrowing | 24/11/2015 | ||||
| Dewey Decimal Classification | Central Library | Central Library | First floor | 05/11/2010 | Purchase | 338.5024658 ECO | 000004784 | 15/07/2025 | 190.00 | Book - Borrowing | ||||||
| Dewey Decimal Classification | Central Library | Central Library | First floor | 05/11/2010 | Purchase | 338.5024658 ECO | 000004783 | 15/07/2025 | 190.00 | Book - Borrowing | ||||||
| Dewey Decimal Classification | Central Library | Central Library | First floor | 05/11/2010 | Purchase | 2 | 338.5024658 ECO | 000004782 | 15/07/2025 | 190.00 | Book - Borrowing | |||||
| Dewey Decimal Classification | Central Library | Central Library | First floor | 05/11/2010 | Purchase | 2 | 338.5024658 ECO | 000004781 | 15/07/2025 | 190.00 | Book - Borrowing | |||||
| Dewey Decimal Classification | Central Library | Central Library | First floor | 05/11/2010 | Purchase | 2 | 338.5024658 ECO | 000004780 | 15/07/2025 | 190.00 | Book - Borrowing | 12/10/2015 | ||||
| Dewey Decimal Classification | Central Library | Central Library | First floor | 05/11/2010 | Purchase | 338.5024658 ECO | 000004779 | 15/07/2025 | 190.00 | NB - Book (Non borrowing) | ||||||
| Dewey Decimal Classification | Central Library | Central Library | First floor | 31/03/2008 | Purchase | 338.5024658 ECO | 000010863 | 15/07/2025 | Book - Borrowing |